Federico González Suárez

Guardat en:
Dades bibliogràfiques
Autor corporatiu: Larrea, Carlos Manuel (Autor)
Format: Llibre
Idioma:espanyol
Publicat: Quito Corporación de Estudios y Publicaciones 1989
Col·lecció:Biblioteca Ecuatoriana Clásica, 22
Matèries:
Etiquetes: Afegir etiqueta
Sense etiquetes, Sigues el primer a etiquetar aquest registre!

MARC

LEADER 00000nam a2200000 a 4500
001 UCM1747
003 CL-VaPUC
008 020412e19890000EC |||||||||||||||||spa|d
082 0 4 |a 986.6  |b LAR  |2 21 
110 2 |a Larrea, Carlos Manuel  |e author  |9 468570 
245 1 0 |a Federico González Suárez 
300 |a 628 p 
942 |c BK 
945 |d 20020412 00:00:00  |a cmena 
260 |a Quito  |b Corporación de Estudios y Publicaciones  |c 1989 
600 0 7 |a GONZALEZ SUAREZ, FEDERICO  |2 CL-VaPUC  |9 321120 
650 7 |a HISTORIA PERUANA  |2 CL-VaPUC  |9 396299 
651 0 |a Perú  |9 256567 
583 |a last modification  |c 20020412 00:00:00  |k Rodrigo Vera 
490 0 |a Biblioteca Ecuatoriana Clásica, 22 
999 |c 299988  |d 299986 
952 |0 0  |1 0  |4 0  |6 986_600000000000000_LAR_1989  |7 0  |8 P  |9 357259  |a BIBEDU  |b BIBEDU  |c BIBEDU_PB  |d 2019-11-21  |i 3670732  |o 986.6 LAR 1989  |p 3670732  |r 2024-01-25  |w 2019-11-21  |y BK  |k LIT